000 00336nam a2200145Ia 4500
008 230312s9999||||xx |||||||||||||| ||und||
020 _a0-399-51731-6
082 _a796.6
_bNYE-T
100 _aNye;Peter
245 0 _aTraining for Cycling
260 _bDavis
_aUK
_c1992
300 _a254
650 _aMedical
_vGynaecology
942 _cBK
999 _c3054
_d3054